01121nam a2200289 a 450000100100000000500170001000800410002702000150006804000250008304100390010808200130014710000250016024000410018524500920022626000610031830000210037949000370040053400500043750000480048770000340053570000330056970000420060283000440064404900090068895201170069799900170081400002427820200930022854.0110125s1988 xxu 000 0 spa d a0311091180 aDO-SdBNPbspacBNPHU17aspaheng2Código de idiomas MARC ann*bnn*1 aDominy, Bert.94984010aGod´s work of salvation.lEspañol13aLa salvación: obra de Dios /cBert Dominy ; traducción de Rubén y Alicia Zorzoli. aEstados Unidos :bCasa Bautista de Publicaciones,c1988. a156 p. ;c21 cm.1 aBiblioteca de Doctrina Cristiana aTítulo original :tGod´s work of salvation aIncluye índice de referencias bíblicas.1 aZorzoli, Rubén,etr.9496121 aZorzoli, Alicia,etr.9498411 aGutiérrez, Edna Lee de,etr.949839 0aBiblioteca de Doctrina Cristiana948387 aBNGR 001054708MOaGRbGRcCTd2011-01-25iLF1l0onn* nn*p24278-10r2020-06-25w2020-06-25y4ZPréstamo en sala c23772d23772